Top 100 Most Subscribed To Gaming YouTube Channels - Statistics

General Stats
  • This quiz has been taken 46 times
  • The average score is 8 of 100
Answer Stats
Subscribers YouTube Channel % Correct
111 Million PewDiePie
88%
33.3 Million Markiplier
62%
29.9 Million Dream
56%
28.3 Million MrBeast Gaming
53%
28.6 Million jacksepticeye
50%
26.2 Million DanTDM
32%
22.8 Million Jelly
29%
15 Million Technoblade
29%
25.7 Million VanossGaming
26%
45.1 Million Fernanfloo
24%
23.9 Million Ninja
24%
17.2 Million PopularMMOs
24%
11.3 Million CaptainSparklez
21%
13.8 Million CoryxKenshin
18%
46.1 Million JuegaGerman
18%
21 Million SSundee
18%
16 Million The Game Theorists
15%
33.2 Million Total Gaming
15%
20.9 Million FGTeeV
12%
11.8 Million TommyInnit
12%
17.7 Million Ali-A
9%
14.9 Million Kwebbelkop
9%
14.8 Million Lachlan
9%
20.1 Million LazarBeam
9%
13.2 Million PrestonPlayz
9%
28 Million Techno Gamerz
9%
11.8 Million Tfue
9%
33.4 Million VEGETTA777
9%
17.2 Million WillyRex
9%
26.2 Million AboFlah
6%
20.1 Million AuthenticGames
6%
13.8 Million EdisonPts
6%
18 Million ElTrollino
6%
13 Million GLENT
6%
16.8 Million IGN
6%
24.7 Million Jess No Limit
6%
13.8 Million Kuplinov Play
6%
19.4 Million LankyBox
6%
13.5 Million Lyna
6%
18.5 Million TheWillyRex
6%
17 Million Arab Games Network
3%
13.7 Million Auron
3%
18.8 Million Clash of Clans
3%
11.9 Million Compote
3%
18.2 Million CookieSwirlC
3%
11.2 Million Fortnite
3%
22.3 Million Frost Diamond
3%
18.4 Million invictor
3%
14.8 Million League of Legends
3%
11.2 Million luzugames
3%
17.6 Million Marmok
3%
18.2 Million MiawAug
3%
11.7 Million Rubius Z
3%
11.2 Million Sky Does Everything
3%
28 Million Talking Tom
3%
27.1 Million TheDonato
3%
17.7 Million TheGrefg
3%
13.1 Million theRadBrad
3%
12.8 Million Typical Gamer
3%
11.3 Million UnspeakableGaming
3%
16.1 Million Antrax
0%
14 Million Aphmau
0%
18.2 Million A_S Gaming
0%
12.7 Million Atro
0%
11.9 Million BanderitaX
0%
12.4 Million Brawl Stars
0%
12.7 Million BUDI01 Gaming
0%
11.2 Million CarryisLive
0%
12 Million DaniRep
0%
12.1 Million DeGoBooM
0%
13.1 Million Desi Gamers
0%
15.5 Million Dyland PROS
0%
11.7 Million E-MasterSensei
0%
21 Million Enaldinho
0%
11.2 Million Free Fire India Official
0%
11.7 Million FrontaL Gaming
0%
11.5 Million Garena Free Fire LATAM
0%
14.3 Million Gyan Gaming
0%
13.3 Million H2ODelirious
0%
14.7 Million iTownGamePlay *Terror&Diversion*
0%
12.6 Million Jazzghost
0%
12.4 Million Kids Line
0%
11.5 Million LipaoGamer
0%
15.1 Million LOKESH GAMER
0%
14.5 Million Mobile Legends: Bang Bang Official
0%
12.2 Million Mythpat
0%
13.7 Million NOBRU
0%
12 Million Panda
0%
12.4 Million Piuzinho
0%
13.5 Million PlayHard
0%
14.3 Million PlayStation
0%
13 Million Pozzy
0%
12 Million RaptorGamer
0%
19 Million Robin Hood Gamer
0%
17.2 Million RobleisIUTU
0%
13.6 Million TazerCraft
0%
11.7 Million Timba Vk
0%
11.8 Million WiederDude
0%
11.9 Million Yair17
0%
16.4 Million zbing z.
0%
No matching quizzes found
Score Distribution
Percent of People with Each Score
Percentile by Number Answered
Your Score History
You have not taken this quiz